LIBRARY & INFORMATION CENTRE, KCAET, TAVANUR

ONLINE PUBLIC ACCESS CATALOGUE (OPAC)

Matter and motion / (Record no. 7512)

MARC details
000 -LEADER
fixed length control field 00421cam a2200169ua 4500
041 ## - LANGUAGE CODE
Language code of text/sound track or separate title eng
082 ## - DEWEY DECIMAL CLASSIFICATION NUMBER
Classification number 531.112
Item number MAX/MA
100 ## - MAIN ENTRY--AUTHOR NAME
Personal name Maxwell, James Clark .
245 ## - TITLE STATEMENT
Title Matter and motion /
260 ## - PUBLICATION, DISTRIBUTION, ETC. (IMPRINT)
Place of publication New York :
Name of publisher Dover Publications ,
Year of publication 1877.
300 ## - PHYSICAL DESCRIPTION
Number of Pages 178 ; .
942 ## - ADDED ENTRY ELEMENTS (KOHA)
Koha item type Books
Holdings
Withdrawn status Lost status Damaged status Home library Current library Date acquired Full call number Accession Number Koha item type
      KAUAET KAUAET 07/04/2012 531.112 MAX/MA 4868 Books
free website counter